000 00293nam a2200109Ia 4500
008 171204s9999 xx 000 0 und d
245 _aDie Maschine Im Leben Der Volker:
245 _cF. Feldhaus
260 _c2014
650 _xHistory
856 _uhttp://down.ebook777.com/063/303484025X.pdf
999 _c345545
_d345545